00861nam a22001815i 4500001000700000003000900007005001700016008004100033040002000074110004900094245015800143260009200301300002100393505009300414700003000507700004200537852010000579163060ES-MaACL20230906212648.0040909s1879 sp |||| | spa d aCAM bspa cCAM2 aReal Academia Gaditana de Ciencias y Letras.10aSesion solemne celebrada por la Real Academia Gaditana de Ciencias y Letras con motivo de la recepcion del Pablo Medina y Guerrero el 22 de mayo de 1879. aCádiz : b[s.n.], c1879 (fEstablecimiento tipográfico de José María Gálvez) a52 p. ; c20 cm.8 aDiscurso de Pablo Medina y Guerrero, y contestación por José M. Fernández de Cires11aMedina y Guerrero, Pablo.11aFernández de Cires, José María. aES-MaACLjT-342-F-5 z-- Enc. hol. q-- Falto de la cub. original z-- Enc. en un vol. facticio